[Event "San Felipe zt"]
[Site "San Felipe"]
[Date "1999.??.??"]
[Round "9"]
[White "Sequera Paolini, Jose"]
[Black "Rohl Montes, Juan Armando"]
[Result "1-0"]
[WhiteElo "2340"]
[BlackElo "2360"]
[EventDate "1999.??.??"]
[PlyCount "87"]

1.e4 e5 2.Nf3 Nc6 3.Nc3 Nf6 4.g3 Bb4 5.Bg2 Bxc3 6.bxc3 Nxe4 7.Nxe5 Nxe5 8.
Bxe4 O-O 9.O-O Re8 10.f4 Nc4 11.Qf3 c6 12.Qd3 g6 13.f5 d5 14.fxg6 Rxe4 15.
gxf7+ Kf8 16.Qf3 Bg4 17.Qf2 Qb6 18.Qxb6 axb6 19.d3 Ne3 20.dxe4 Nxf1 21.
Kxf1 dxe4 22.Be3 Rd8 23.Ke1 b5 24.Rb1 Rd7 25.Bd4 Kxf7 26.Kf2 Ke6 27.Ke3 
Bf5 28.Kf4 Bg6 29.g4 h6 30.h4 Rf7+ 31.Kg3 Rf3+ 32.Kh2 Kd5 33.h5 Bf7 34.Bg7
Be6 35.Rg1 Rf4 36.Kh3 Rf3+ 37.Kh4 e3 38.Bxh6 Ke4 39.Rd1 c5 40.Re1 Bc4 41.
Bxe3 Rxe3 42.Rxe3+ Kxe3 43.h6 Bg8 44.g5 1-0

[Event "San Felipe zt"]
[Site "San Felipe"]
[Date "1999.??.??"]
[Round "9"]
[White "Soto Paez, Oliver de la Trinid"]
[Black "Dominguez, Jose Manuel"]
[Result "0-1"]
[WhiteElo "2323"]
[BlackElo "2325"]
[EventDate "1999.??.??"]
[PlyCount "108"]

1.e4 e5 2.Nf3 Nc6 3.Nc3 d6 4.g3 g6 5.Bg2 Bg7 6.O-O Nge7 7.d3 h6 8.Be3 O-O 
9.Qd2 Kh7 10.d4 f6 11.h3 a6 12.Rad1 Qe8 13.Nd5 Nxd5 14.exd5 Ne7 15.dxe5 
fxe5 16.g4 Bd7 17.Nh2 Bb5 18.Rfe1 Qf7 19.b3 Kg8 20.Be4 Bd7 21.Qd3 Qf6 22.
Kg2 Nf5 23.Nf3 Rf7 24.Rg1 Raf8 25.Rdf1 Nh4+ 26.Nxh4 Qxh4 27.f3 Bf5 28.Bf2 
Bxe4 29.Qxe4 Qf6 30.Be3 Kh7 31.c4 Qe7 32.Rf2 Bf6 33.Rgf1 Bh4 34.Re2 Bg5 
35.Bg1 Rf4 36.Qd3 Qf7 37.Re4 Rf6 38.c5 Bf4 39.Rc4 Rd8 40.c6 b5 41.Re4 Bg5 
42.a4 Rf8 43.Bh2 Bh4 44.axb5 axb5 45.Rb4 Ra8 46.Rxb5 Ra2+ 47.Kh1 Rf4 48.
Qe3 Rd4 49.Rb7 Rdd2 50.Bg1 Bg5 51.Qe4 Re2 52.Qb4 Be3 53.Qxd6 Bxg1 54.Rf2 
Bxf2 0-1

[Event "Oceania zt"]
[Site "Gold Coast"]
[Date "1999.04.13"]
[Round "1"]
[White "Dive, Russell John"]
[Black "Berezina, Irina"]
[Result "0-1"]
[WhiteElo "2440"]
[BlackElo "2230"]
[EventDate "1999.04.13"]
[PlyCount "108"]

1.d4 Nf6 2.Nf3 g6 3.b4 Bg7 4.Bb2 O-O 5.Nbd2 d6 6.e3 c6 7.Be2 Nbd7 8.O-O 
Qc7 9.Nc4 Nb6 10.a4 Bg4 11.Na5 Rad8 12.c4 e5 13.dxe5 dxe5 14.Bxe5 Rxd1 15.
Bxc7 Rxa1 16.Rxa1 Bxf3 17.gxf3 Ne8 18.Bxb6 axb6 19.Nb3 Bxa1 20.Nxa1 Nc7 
21.Nb3 Ra8 22.a5 bxa5 23.bxa5 Ne6 24.Kf1 Kf8 25.Ke1 Ke7 26.c5 Kf6 27.f4 
Rd8 28.Bc4 Kf5 29.f3 Kf6 30.Ke2 Nc7 31.Nd4 Nd5 32.Kd3 Nc7 33.Kc3 Ra8 34.
Kb4 Re8 35.e4 Rd8 36.Kc3 Ra8 37.Kb4 Ke7 38.h4 Ne6 39.Bxe6 fxe6 40.f5 e5 
41.Ne6 gxf5 42.exf5 h6 43.Nc7 Rc8 44.a6 bxa6 45.Nxa6 Rf8 46.Ka5 Rxf5 47.
Kb6 Rxf3 48.Kxc6 e4 49.Nb4 e3 50.Nd5+ Kd8 51.Kd6 e2 52.c6 Rd3 53.c7+ Kc8 
54.Kc6 Rxd5 0-1

[Event "Oceania zt"]
[Site "Gold Coast"]
[Date "1999.04.13"]
[Round "1"]
[White "Feldman, Vladimir"]
[Black "Ilic, Ilija"]
[Result "1-0"]
[WhiteElo "2330"]
[BlackElo "2115"]
[EventDate "1999.04.13"]
[PlyCount "91"]

1.d4 d6 2.Nf3 Nf6 3.c4 g6 4.Nc3 Bg7 5.e4 O-O 6.Be2 Nc6 7.d5 Ne5 8.Nxe5 
dxe5 9.c5 e6 10.O-O exd5 11.exd5 c6 12.dxc6 bxc6 13.Qa4 Qc7 14.Bf3 Be6 15.
Qh4 Nd5 16.Ne4 f6 17.Nd6 Qa5 18.Qc4 Rab8 19.Rd1 Rb4 20.Qc2 Qc7 21.Bd2 Rbb8
22.Rab1 f5 23.b4 e4 24.Be2 Be5 25.b5 cxb5 26.Nxb5 Qf7 27.Qa4 a6 28.Nd4 
Rxb1 29.Rxb1 Bd7 30.c6 Bc8 31.Bc4 Bxd4 32.Qa5 Kg7 33.Bxd5 Qa7 34.Bc3 Kh6 
35.Be1 e3 36.fxe3 Bxe3+ 37.Kh1 f4 38.Bc3 Re8 39.Bf6 Rf8 40.Qc3 Qc7 41.h4 
g5 42.hxg5+ Kh5 43.Rb7 Qxb7 44.cxb7 Bf5 45.Bf3+ Kg6 46.Qc7 1-0

[Event "Oceania zt"]
[Site "Gold Coast"]
[Date "1999.04.13"]
[Round "1"]
[White "Kulashko, Aleksei"]
[Black "Dwyer, Daniel"]
[Result "1-0"]
[WhiteElo "2396"]
[BlackElo "2186"]
[EventDate "1999.04.13"]
[PlyCount "63"]

1.e4 c5 2.Nc3 Nc6 3.f4 g6 4.Nf3 Bg7 5.Bc4 e6 6.f5 Nge7 7.fxe6 fxe6 8.O-O 
O-O 9.d3 Ne5 10.Nxe5 Bxe5 11.Bg5 Qe8 12.Qd2 Nc6 13.Rxf8+ Qxf8 14.Ne2 b6 
15.Bh6 Qd6 16.Rf1 Bxh2+ 17.Kh1 Bb7 18.Nf4 Bxf4 19.Bxf4 Qf8 20.Kg1 Qg7 21.
Bh6 Qe5 22.c3 Qd6 23.Qf2 Qe7 24.Qf4 Rc8 25.a3 Nb8 26.b4 cxb4 27.axb4 d5 
28.exd5 exd5 29.Bb3 Na6 30.Bd1 Nc7 31.Bg4 Re8 32.Bd7 1-0

[Event "Oceania zt"]
[Site "Gold Coast"]
[Date "1999.04.13"]
[Round "1"]
[White "Smerdon, David"]
[Black "Wallace, John Paul"]
[Result "1/2-1/2"]
[WhiteElo "2173"]
[BlackElo "2360"]
[EventDate "1999.04.13"]
[PlyCount "119"]

1.e4 c6 2.d4 d5 3.exd5 cxd5 4.c4 Nf6 5.Nc3 e6 6.c5 Be7 7.Nf3 O-O 8.Bf4 b6 
9.b4 bxc5 10.bxc5 Ne4 11.Rc1 Qa5 12.Qb3 Ba6 13.Bxa6 Qxa6 14.Qb5 g5 15.Qxa6
Nxa6 16.Nxe4 gxf4 17.Nc3 Bf6 18.Kd2 Nb4 19.Rb1 Rab8 20.Rhe1 Bg7 21.a3 Nc6 
22.Kd3 Rfe8 23.Ne2 Rxb1 24.Rxb1 f6 25.Nh4 Bh6 26.Rb7 Re7 27.Rxe7 Nxe7 28.
Nf3 Kf7 29.Kc3 Nc6 30.Ne1 e5 31.Nd3 Ke6 32.Nb4 Ne7 33.f3 Bf8 34.Kd3 Nf5 
35.Nc6 a6 36.Nb8 Nh4 37.Nxa6 Nxg2 38.Nc7+ Kf5 39.Nxd5 Ne1+ 40.Kc3 Nxf3 41.
a4 exd4+ 42.Nxd4+ Ke5 43.c6 Bd6 44.Nxf3+ Kxd5 45.Nd4 f3 46.Nxf3 Kxc6 47.h3
Kd5 48.Kd3 Bc7 49.Ke3 f5 50.Ng5 h6 51.Nf7 h5 52.Kf3 Ke6 53.Ng5+ Kf6 54.h4 
Ke5 55.Nh3 Kd4 56.Nf4 Kc4 57.Nxh5 Bd8 58.Ng7 Bxh4 59.Nxf5 Kb4 60.Nxh4 
1/2-1/2

[Event "Oceania zt"]
[Site "Gold Coast"]
[Date "1999.04.13"]
[Round "1"]
[White "Stawski, Nikolai"]
[Black "Depasquale, Chris"]
[Result "1/2-1/2"]
[WhiteElo "2045"]
[BlackElo "2302"]
[EventDate "1999.04.13"]
[PlyCount "71"]

1.e4 Nf6 2.Nc3 d5 3.e5 Ne4 4.Qf3 Nxc3 5.bxc3 g6 6.Ne2 Bg7 7.Nf4 c6 8.d4 
Bf5 9.Bd3 Bxd3 10.cxd3 Na6 11.e6 O-O 12.h4 fxe6 13.h5 Rf6 14.hxg6 hxg6 15.
Qg4 Qa5 16.Bd2 Kf7 17.Nh3 Ke8 18.Ng5 Kd7 19.Nh7 Rg8 20.Nxf6+ Bxf6 21.Ke2 
Nc7 22.Rh6 Qb5 23.a4 Qb2 24.Rhh1 Qb6 25.Rab1 Qa6 26.Rh6 b5 27.Rxg6 Rxg6 
28.Qxg6 Qxa4 29.Rh1 Qa2 30.Rh7 Ne8 31.g4 b4 32.cxb4 Bxd4 33.Qf7 Bf6 34.f4 
Qb2 35.g5 Bg7 36.Kd1 1/2-1/2

[Event "Oceania zt"]
[Site "Gold Coast"]
[Date "1999.04.13"]
[Round "1"]
[White "Weeks, Manuel William"]
[Black "Wohl, Aleksandar H"]
[Result "1/2-1/2"]
[WhiteElo "2245"]
[BlackElo "2440"]
[EventDate "1999.04.13"]
[PlyCount "34"]

1.e4 Nf6 2.e5 Nd5 3.d4 d6 4.Nf3 c6 5.Be2 Bf5 6.O-O dxe5 7.Nxe5 Nd7 8.Nf3 
g6 9.c4 Nc7 10.Nc3 Bg4 11.Be3 Bg7 12.Qb3 Rb8 13.Rad1 b5 14.cxb5 Nxb5 15.
Nxb5 Bxf3 16.Bxf3 cxb5 17.Bf4 Rb6 1/2-1/2

[Event "Oceania zt"]
[Site "Gold Coast"]
[Date "1999.04.14"]
[Round "2"]
[White "Allen, Andrew"]
[Black "Johansen, Darryl Keith"]
[Result "1/2-1/2"]
[WhiteElo "2261"]
[BlackElo "2490"]
[EventDate "1999.04.13"]
[PlyCount "134"]

1.c4 e6 2.Nf3 Nf6 3.g3 b6 4.Bg2 Bb7 5.O-O d5 6.d4 dxc4 7.Qa4+ Nbd7 8.Qxc4 
c5 9.Nc3 Rc8 10.Rd1 a6 11.dxc5 Bxc5 12.Qh4 b5 13.Ne5 Bxg2 14.Kxg2 Qe7 15.
Bf4 Nxe5 16.Bxe5 Qb7+ 17.f3 Be7 18.Bd6 Rc4 19.Qg5 h6 20.Qd2 O-O 21.Bxe7 
Qxe7 22.a3 Rfc8 23.Qe3 Qc7 24.Rd2 Qb8 25.Rd3 a5 26.b3 R4c5 27.Rad1 Re5 28.
Qd2 b4 29.axb4 Qxb4 30.Qf4 Qxf4 31.gxf4 Rec5 32.Ne4 Nxe4 33.fxe4 Rc2 34.
Kf3 R8c7 35.Ra1 R7c5 36.Ra4 g6 37.Rad4 Kg7 38.Ra4 Rb2 39.Re3 Rb5 40.h3 g5 
41.fxg5 hxg5 42.Kg4 Kg6 43.h4 f5+ 44.exf5+ exf5+ 45.Kf3 gxh4 46.Rxh4 R2xb3
47.Rh8 Rxe3+ 48.Kxe3 Rb3+ 49.Kf4 Rb4+ 50.Kf3 Kf6 51.Ra8 Ra4 52.e3 Ke6 53.
Re8+ Kd6 54.Rf8 Ra1 55.e4 a4 56.exf5 a3 57.Ra8 Ke5 58.Ra5+ Kf6 59.Kg2 Kg5 
60.Kh2 Kg4 61.Kg2 Ra2+ 62.Kg1 Kg3 63.Kf1 Rf2+ 64.Kg1 Ra2 65.Kf1 Kf3 66.Ke1
Ke3 67.Kd1 Rf2 1/2-1/2

[Event "Oceania zt"]
[Site "Gold Coast"]
[Date "1999.04.14"]
[Round "2"]
[White "Berezina, Irina"]
[Black "Feldman, Vladimir"]
[Result "1/2-1/2"]
[WhiteElo "2230"]
[BlackElo "2330"]
[EventDate "1999.04.13"]
[PlyCount "21"]

1.d4 d5 2.c4 e6 3.Nc3 Nf6 4.Nf3 Be7 5.Bg5 O-O 6.e3 Nbd7 7.Rc1 c6 8.cxd5 
exd5 9.Be2 Re8 10.O-O Ne4 11.Bxe7 1/2-1/2

[Event "Oceania zt"]
[Site "Gold Coast"]
[Date "1999.04.14"]
[Round "2"]
[White "Depasquale, Chris"]
[Black "Smerdon, David"]
[Result "0-1"]
[WhiteElo "2302"]
[BlackElo "2173"]
[EventDate "1999.04.13"]
[PlyCount "84"]

1.d4 d5 2.Nf3 e6 3.e3 c5 4.c3 Nc6 5.Bd3 Bd6 6.O-O Qc7 7.Na3 a6 8.dxc5 Bxc5
9.b4 Bd6 10.b5 Ne5 11.Nxe5 Bxe5 12.e4 dxe4 13.Bxe4 Nf6 14.b6 Qxc3 15.Rb1 
Nxe4 16.Bb2 Qc5 17.Rc1 Qd6 18.Qa4+ Bd7 19.Qxe4 Bxb2 20.Nc4 Qc6 21.Qxc6 
Bxc6 22.Nxb2 Ke7 23.Nd3 Rac8 24.Rfe1 Rhd8 25.Nc5 Rd5 26.h3 Rg5 27.g3 Rd5 
28.a3 Rd2 29.g4 Bd5 30.Re3 Rc6 31.Rec3 Rxb6 32.Nd3 Rc6 33.Nb4 Rd1+ 34.Rxd1
Rxc3 35.Nxd5+ exd5 36.Rxd5 Rxa3 37.Rc5 Kd6 38.Rf5 Ke6 39.Kg2 b5 40.Rc5 b4 
41.Rc6+ Kd7 42.Rb6 b3 0-1

[Event "Oceania zt"]
[Site "Gold Coast"]
[Date "1999.04.14"]
[Round "2"]
[White "Ilic, Ilija"]
[Black "Dive, Russell John"]
[Result "0-1"]
[WhiteElo "2115"]
[BlackElo "2440"]
[EventDate "1999.04.13"]
[PlyCount "136"]

1.d4 Nf6 2.Nc3 d5 3.Bf4 Bf5 4.Qd2 e6 5.f3 a6 6.g4 Bg6 7.h4 h5 8.g5 Nfd7 9.
e4 Nb6 10.Nh3 Bb4 11.Bd3 dxe4 12.fxe4 Nc6 13.Be3 e5 14.d5 Nd4 15.O-O c5 
16.Qh2 Nd7 17.Nd1 Ba5 18.Qf2 Qc7 19.c3 Nb5 20.Qg2 c4 21.Bc2 Bb6 22.Qf3 Nd6
23.Nhf2 O-O-O 24.b4 Kb8 25.Nb2 Bxe3 26.Qxe3 f6 27.a4 Rhf8 28.a5 fxg5 29.
Qxg5 Rf6 30.Rae1 Rdf8 31.Qg2 Qd8 32.Nh3 Rxf1+ 33.Rxf1 Rxf1+ 34.Kxf1 Qxh4 
35.Nf2 Qf6 36.Ke2 h4 37.Qg4 Be8 38.Nh3 Qh6 39.Qg5 Bh5+ 40.Ke3 Qxg5+ 41.
Nxg5 Nf6 42.Bd1 Bxd1 43.Nxd1 h3 44.Kf3 h2 45.Kg2 Ndxe4 46.Nxe4 Nxe4 47.
Kxh2 Kc7 48.Ne3 Nxc3 49.Nxc4 Nxd5 50.Nxe5 Nxb4 51.Kg3 Kd6 52.Nf7+ Ke7 53.
Ne5 Nc6 54.Nc4 Ke6 55.Kf4 Kd5 56.Ne3+ Kc5 57.Nf5 g6 58.Nh4 Nxa5 59.Nxg6 
Kd4 60.Kf3 Nb3 61.Ke2 Kc3 62.Kd1 a5 63.Nf4 a4 64.Nd5+ Kb2 65.Nb4 a3 66.Ke2
a2 67.Nxa2 Kxa2 68.Kd3 b5 0-1

[Event "Oceania zt"]
[Site "Gold Coast"]
[Date "1999.04.14"]
[Round "2"]
[White "Reilly, Tim"]
[Black "Kulashko, Aleksei"]
[Result "1-0"]
[WhiteElo "2258"]
[BlackElo "2396"]
[EventDate "1999.04.13"]
[PlyCount "117"]

1.d4 Nf6 2.c4 c5 3.d5 d6 4.Nc3 g6 5.e4 Bg7 6.f3 O-O 7.Nge2 e6 8.Ng3 exd5 
9.cxd5 b6 10.a4 Re8 11.Be2 Ba6 12.Nb5 Bxb5 13.axb5 h5 14.Bg5 Qc7 15.Qd2 
Nh7 16.Be3 h4 17.Nf1 Qe7 18.Bf2 f5 19.Ra4 h3 20.gxh3 Ng5 21.Rg1 Nxh3 22.
Rxg6 f4 23.Rg4 Nd7 24.Bh4 Qf7 25.Bd1 Ne5 26.Qg2 Nxg4 27.Qxg4 Qxd5 28.Be2 
Qe5 29.Qxh3 d5 30.Qd7 Bf6 31.Bxf6 Qxf6 32.Qxd5+ Kg7 33.Bc4 Qh4+ 34.Ke2 Qf6
35.Nd2 Red8 36.Qb7+ Kh8 37.Bd5 Qxb2 38.Qc6 Qg7 39.Qe6 Qg2+ 40.Kd1 Qxh2 41.
Qf6+ Kh7 42.Qf7+ Kh8 43.e5 c4 44.Rxc4 Qg1+ 45.Kc2 Rac8 46.Qxf4 Rxc4+ 47.
Bxc4 Qg6+ 48.Ne4 Rc8 49.Kb3 Kg7 50.Qf6+ Kh6 51.f4 Rb8 52.f5 Qxf6 53.exf6 
Rd8 54.f7 Kg7 55.Ng5 Rh8 56.Be6 Rh4 57.Kc3 Kf8 58.Kd3 Ke7 59.Nf3 1-0

[Event "Oceania zt"]
[Site "Gold Coast"]
[Date "1999.04.14"]
[Round "2"]
[White "Solomon, Stephen J"]
[Black "Weeks, Manuel William"]
[Result "1-0"]
[WhiteElo "2435"]
[BlackElo "2245"]
[EventDate "1999.04.13"]
[PlyCount "111"]

1.e4 c5 2.Nf3 d6 3.d4 cxd4 4.Nxd4 Nf6 5.Nc3 g6 6.Be3 Bg7 7.f3 O-O 8.Qd2 
Nc6 9.O-O-O d5 10.exd5 Nxd5 11.Nxc6 bxc6 12.Bd4 Nxc3 13.Qxc3 Bh6+ 14.Be3 
Bxe3+ 15.Qxe3 Qb6 16.Qc3 Be6 17.g4 Rfd8 18.Be2 a5 19.h4 Rxd1+ 20.Rxd1 Qf2 
21.Qxc6 Rc8 22.Qe4 Qxh4 23.Ba6 Rf8 24.Qe5 Qf2 25.Bb7 Qb6 26.Bd5 Qc5 27.Qe4
Bxd5 28.Rxd5 Qc7 29.a4 e6 30.Rb5 Rd8 31.g5 Qd6 32.Kb1 Qd2 33.f4 Rc8 34.c3 
Qd8 35.Ka2 Qc7 36.Qe5 Qc4+ 37.Ka3 Qf1 38.Rxa5 Qa1+ 39.Kb3 Qd1+ 40.Ka2 Qd7 
41.Qd4 Qc7 42.Ra7 Qc4+ 43.Qxc4 Rxc4 44.a5 Rxf4 45.b4 h5 46.gxh6 g5 47.a6 
g4 48.Rd7 Rf2+ 49.Kb3 Rf1 50.a7 Ra1 51.Rd8+ Kh7 52.a8=Q Rxa8 53.Rxa8 f5 
54.b5 g3 55.b6 g2 56.Ra1 1-0

[Event "Oceania zt"]
[Site "Gold Coast"]
[Date "1999.04.14"]
[Round "2"]
[White "Tindall, Brett"]
[Black "Stawski, Nikolai"]
[Result "1-0"]
[WhiteElo "2250"]
[BlackElo "2045"]
[EventDate "1999.04.13"]
[PlyCount "89"]

1.e4 c5 2.Nf3 d6 3.d4 cxd4 4.Nxd4 Nf6 5.Nc3 g6 6.Be3 Bg7 7.f3 O-O 8.Qd2 
Nc6 9.g4 Be6 10.O-O-O Ne5 11.g5 Nh5 12.f4 Nc4 13.Nxe6 Nxd2 14.Nxd8 Nxf1 
15.Rhxf1 Rfxd8 16.Rd3 Rdc8 17.Nd5 Rc4 18.Nxe7+ Kf8 19.Nd5 Rxe4 20.Rf3 b6 
21.Ra3 Bd4 22.Bxd4 Rxd4 23.Nxb6 Re8 24.c3 Re1+ 25.Kc2 Re2+ 26.Kb3 Rxf4 27.
Rxf4 Nxf4 28.Rxa7 Rxh2 29.Nd7+ Ke7 30.Nc5+ Ke8 31.Ne4 d5 32.Nd6+ Kd8 33.
Nxf7+ Kc8 34.Nd6+ Kd8 35.Rb7 Nd3 36.Ka3 Nc5 37.Rb5 Ne6 38.Rxd5 Kc7 39.Ne8+
Kc8 40.Nf6 Nf4 41.Rd7 h5 42.gxh6 Rxh6 43.Rg7 Ne6 44.Rg8+ Kb7 45.Ng4 1-0

[Event "Oceania zt"]
[Site "Gold Coast"]
[Date "1999.04.14"]
[Round "2"]
[White "Wallace, John Paul"]
[Black "Saw, Geoffrey"]
[Result "1/2-1/2"]
[WhiteElo "2360"]
[BlackElo "2205"]
[EventDate "1999.04.13"]
[PlyCount "88"]

1.c4 e6 2.Nf3 Nf6 3.Nc3 d5 4.d4 Be7 5.Qc2 Na6 6.a3 c5 7.e3 cxd4 8.exd4 
dxc4 9.Bxc4 Nc7 10.O-O O-O 11.Rd1 b6 12.Ne5 Bb7 13.Ba2 Ncd5 14.Qd3 Rc8 15.
Qh3 Nxc3 16.bxc3 b5 17.a4 bxa4 18.Bd2 Bd5 19.c4 Be4 20.Bf4 Qa5 21.Bg5 Rfd8
22.d5 Bf5 23.Qh4 h6 24.Bd2 Qc7 25.Nc6 Nxd5 26.Nxe7+ Nxe7 27.Bf4 Rxd1+ 28.
Rxd1 Rd8 29.Rc1 Qd7 30.Qh5 Ng6 31.Be3 Ne5 32.h3 Nd3 33.Rd1 Qc7 34.c5 Rc8 
35.Qh4 Qa5 36.Qe7 Nb4 37.Rd7 Rf8 38.Bd2 Qb5 39.Rb7 Qe2 40.Bxb4 a5 41.Ba3 
Qxa2 42.c6 Qa1+ 43.Kh2 Qe5+ 44.Kg1 Qe1+ 1/2-1/2

[Event "Oceania zt"]
[Site "Gold Coast"]
[Date "1999.04.15"]
[Round "3"]
[White "Allen, Andrew"]
[Black "Wohl, Aleksandar H"]
[Result "0-1"]
[WhiteElo "2261"]
[BlackElo "2440"]
[EventDate "1999.04.13"]
[PlyCount "156"]

1.Nf3 c5 2.e4 Nc6 3.Bb5 Nf6 4.Bxc6 dxc6 5.d3 g6 6.Nc3 Bg7 7.Be3 b6 8.h3 
Nd7 9.Qd2 e5 10.O-O-O h6 11.Nh2 Nf8 12.Ne2 Ne6 13.Rhf1 a5 14.Kb1 a4 15.g4 
Ra7 16.Qe1 Qf6 17.Bd2 a3 18.b3 O-O 19.Bc3 Nd4 20.f3 Rd8 21.Nxd4 cxd4 22.
Bd2 c5 23.h4 Qc6 24.h5 g5 25.Qe2 Ba6 26.Rc1 c4 27.Rfd1 cxd3 28.cxd3 Qb5 
29.Be1 Bf8 30.Nf1 Bc5 31.Ng3 Rc8 32.Nh1 Rac7 33.Nf2 Qd7 34.Rc2 Rc6 35.Rdc1
Bb5 36.Bd2 Qd6 37.Qe1 Qf6 38.Qe2 R8c7 39.Qd1 Qd6 40.Qe1 Qe7 41.Ka1 Rf6 42.
Qe2 Rcc6 43.Kb1 Bb4 44.Rxc6 Bxc6 45.Bxb4 Qxb4 46.Rc4 Qa5 47.Kc1 Bb5 48.Rc2
Qb4 49.Kd1 Bd7 50.Rc4 Qa5 51.Rc2 Qa6 52.Ke1 Qb5 53.Qd1 Rd6 54.Ke2 Be6 55.
Nh1 Rc6 56.Qc1 Rc5 57.Ng3 Qb4 58.Qd2 Rxc2 59.Qxc2 Qc3 60.Kd1 Qa1+ 61.Kd2 
Qg1 62.Nf5 Bxf5 63.exf5 Qe3+ 64.Kd1 Qxf3+ 65.Ke1 Qxg4 66.Qc8+ Kh7 67.Qd7 
Qg1+ 68.Kd2 Qe3+ 69.Kc2 Qe2+ 70.Kc1 Qe1+ 71.Kc2 Qc3+ 72.Kd1 Qxd3+ 73.Kc1 
Qc3+ 74.Kd1 Qa1+ 75.Kd2 Qxa2+ 76.Kd3 Qxb3+ 77.Ke4 a2 78.Kxe5 a1=Q 0-1

[Event "Oceania zt"]
[Site "Gold Coast"]
[Date "1999.04.15"]
[Round "3"]
[White "Dive, Russell John"]
[Black "Dwyer, Daniel"]
[Result "1-0"]
[WhiteElo "2440"]
[BlackElo "2186"]
[EventDate "1999.04.13"]
[PlyCount "53"]

1.d4 d5 2.c4 c6 3.Nc3 Nf6 4.cxd5 cxd5 5.Nf3 Nc6 6.Bf4 a6 7.e3 Bg4 8.h3 
Bxf3 9.Qxf3 e6 10.Bd3 Be7 11.Rc1 Rc8 12.O-O O-O 13.Qe2 b5 14.a4 Nb4 15.
axb5 Nxd3 16.Qxd3 axb5 17.Nxb5 Qa5 18.Ra1 Qb4 19.Ra7 Rc4 20.b3 Qxb5 21.
bxc4 dxc4 22.Qb1 Qxb1 23.Rxb1 Nd5 24.Rxe7 Nxe7 25.Bd6 Nc6 26.Bxf8 Kxf8 27.
Rb5 1-0

[Event "Oceania zt"]
[Site "Gold Coast"]
[Date "1999.04.15"]
[Round "3"]
[White "Johansen, Darryl Keith"]
[Black "Reilly, Tim"]
[Result "1/2-1/2"]
[WhiteElo "2490"]
[BlackElo "2258"]
[EventDate "1999.04.13"]
[PlyCount "109"]

1.d4 f5 2.g3 Nf6 3.Bg2 g6 4.Nh3 Bg7 5.c3 O-O 6.Nd2 d5 7.Nf3 c6 8.Nf4 Ne4 
9.h4 e6 10.Be3 Qe7 11.Qc1 Nd7 12.Nd3 Ndf6 13.Nfe5 Bd7 14.Bf4 b6 15.f3 Nd6 
16.Bg5 Rfc8 17.h5 gxh5 18.Bh6 Bxh6 19.Qxh6 Qg7 20.Qf4 Be8 21.Qh4 c5 22.e3 
Nc4 23.Nxc4 dxc4 24.Nf4 Bf7 25.O-O-O b5 26.dxc5 e5 27.Nh3 Rxc5 28.Nf2 b4 
29.cxb4 Rb5 30.Bh3 Rxb4 31.Bxf5 Rab8 32.Ne4 Nd5 33.Rxd5 Bxd5 34.Nf6+ Kf8 
35.Nxd5 Rxb2 36.Nf6 e4 37.Rd1 Rb1+ 38.Kc2 R8b2+ 39.Kc3 Rxd1 40.Kxb2 Rd6 
41.Qxe4 Qxf6+ 42.Kc2 c3 43.Kc1 c2 44.Qb4 Qa1+ 45.Kxc2 Qxa2+ 46.Kc1 Qa1+ 
47.Bb1 Qf6 48.Bc2 Qe7 49.Qc3 Qf6 50.Qc5 Qa1+ 51.Bb1 Qa6 52.Bc2 Qa1+ 53.Bb1
Qa6 54.Bc2 Qb6 55.Qe5 1/2-1/2

[Event "Oceania zt"]
[Site "Gold Coast"]
[Date "1999.04.15"]
[Round "3"]
[White "Kulashko, Aleksei"]
[Black "Reeves, Tristan"]
[Result "1/2-1/2"]
[WhiteElo "2396"]
[BlackElo "2245"]
[EventDate "1999.04.13"]
[PlyCount "60"]

1.e4 e6 2.d4 d5 3.Nd2 Nf6 4.e5 Nfd7 5.Bd3 c5 6.c3 Nc6 7.Ngf3 Qb6 8.O-O g6 
9.a4 Bg7 10.b3 cxd4 11.cxd4 a5 12.Ba3 Nb4 13.Nb1 O-O 14.Nc3 Nb8 15.Nb5 
N8c6 16.Rc1 Bd7 17.Bb1 f6 18.exf6 Bxf6 19.h4 Ne7 20.h5 Nf5 21.hxg6 hxg6 
22.Bxb4 axb4 23.Ne5 Bxe5 24.dxe5 Bxb5 25.axb5 Rf7 26.Qg4 Ne3 27.Qxb4 Nxf1 
28.Rxf1 Ra1 29.Qg4 Kf8 30.Qxg6 Qd4 1/2-1/2

[Event "Oceania zt"]
[Site "Gold Coast"]
[Date "1999.04.15"]
[Round "3"]
[White "Laird, Craig"]
[Black "Berezina, Irina"]
[Result "1/2-1/2"]
[WhiteElo "2300"]
[BlackElo "2230"]
[EventDate "1999.04.13"]
[PlyCount "59"]

1.Nf3 Nf6 2.g3 g6 3.Bg2 Bg7 4.O-O O-O 5.d4 d6 6.c4 Nc6 7.Nc3 Bf5 8.Re1 Ne4
9.Nh4 Nxc3 10.bxc3 Bd7 11.e4 Na5 12.Qd3 c5 13.Rb1 Be6 14.d5 Bc8 15.Bg5 f6 
16.Be3 Qe8 17.Bf1 b6 18.Nf3 Qf7 19.Nd2 f5 20.Rbc1 h6 21.Nb3 Nxb3 22.axb3 
fxe4 23.Qxe4 Bf5 24.Qf4 a5 25.Bd2 Ra7 26.Qe3 g5 27.Be2 Qg6 28.Bd1 Be5 29.
Qe2 Bg7 30.Be3 1/2-1/2

[Event "Oceania zt"]
[Site "Gold Coast"]
[Date "1999.04.15"]
[Round "3"]
[White "Levi, Eddy"]
[Black "Tindall, Brett"]
[Result "1/2-1/2"]
[WhiteElo "2245"]
[BlackElo "2250"]
[EventDate "1999.04.13"]
[PlyCount "80"]

1.e4 e6 2.d4 d5 3.e5 c5 4.c3 Qb6 5.Nf3 Bd7 6.Bd3 Nc6 7.dxc5 Bxc5 8.O-O f6 
9.b4 Be7 10.Bf4 fxe5 11.Nxe5 Nf6 12.Nxd7 Kxd7 13.a4 Bd6 14.Bxd6 Kxd6 15.a5
Qc7 16.a6 b6 17.Na3 Ke7 18.Nb5 Qf4 19.Qe2 Rae8 20.g3 Qb8 21.Rfe1 Kf7 22.
Nd4 Nxd4 23.cxd4 Qd6 24.Rac1 Re7 25.b5 Rhe8 26.Qb2 e5 27.Rc6 Qb8 28.dxe5 
Rxe5 29.Rxe5 Qxe5 30.Qxe5 Rxe5 31.Kf1 h6 32.h4 Re7 33.h5 Ne4 34.f3 Nd2+ 
35.Kf2 Re6 36.Bg6+ Kf6 37.Rc7 Re7 38.Rc6+ Re6 39.Rc7 Re7 40.Rc6+ Re6 
1/2-1/2

[Event "Oceania zt"]
[Site "Gold Coast"]
[Date "1999.04.15"]
[Round "3"]
[White "Saw, Geoffrey"]
[Black "Depasquale, Chris"]
[Result "0-1"]
[WhiteElo "2205"]
[BlackElo "2302"]
[EventDate "1999.04.13"]
[PlyCount "108"]

1.d4 e6 2.c4 Nf6 3.Nc3 c5 4.d5 exd5 5.cxd5 d6 6.e4 g6 7.f4 Bg7 8.Nf3 O-O 
9.Be2 b5 10.Bxb5 Na6 11.O-O Rb8 12.Re1 Nc7 13.Bc4 Nh5 14.e5 Rb4 15.b3 Bg4 
16.h3 Bxf3 17.Qxf3 Re8 18.g4 dxe5 19.gxh5 e4 20.Qg3 e3 21.Bb2 Bd4 22.Re2 
Qf6 23.Qg5 Qxg5+ 24.fxg5 Re5 25.h4 Ne8 26.Nb5 Bxb2 27.Rxb2 a6 28.d6 axb5 
29.d7 bxc4 30.d8=Q c3 31.Rg2 Rd4 32.Qa5 e2 33.Qxc3 Rd1+ 34.Qe1 Rxa1 35.
Qxa1 e1=Q+ 36.Qxe1 Rxe1+ 37.Kf2 Re4 38.hxg6 hxg6 39.Rh2 Nd6 40.h5 Re5 41.
hxg6 fxg6 42.a4 Rxg5 43.a5 c4 44.b4 Rb5 45.Ke3 Rxb4 46.Ra2 Rb7 47.a6 Ra7 
48.Ra5 Kf7 49.Kd4 Ke7 50.Kc5 Kd7 51.Ra1 c3 52.Kb6 Nc8+ 53.Ka5 c2 54.Rc1 
Rc7 0-1

[Event "Oceania zt"]
[Site "Gold Coast"]
[Date "1999.04.15"]
[Round "3"]
[White "Smerdon, David"]
[Black "Solomon, Stephen J"]
[Result "1-0"]
[WhiteElo "2173"]
[BlackElo "2435"]
[EventDate "1999.04.13"]
[PlyCount "75"]

1.e4 e5 2.Nf3 Nf6 3.d4 Nxe4 4.Bd3 d5 5.Nxe5 Nd7 6.Nxf7 Qe7 7.Nxh8 Nc3+ 8.
Kd2 Nxd1 9.Re1 Nxf2 10.Bxh7 Ne5 11.Rxe5 Be6 12.Bg6+ Kd7 13.Bf7 Ne4+ 14.Ke1
Qh4+ 15.g3 Bb4+ 16.c3 Qxh2 17.Bxe6+ Kc6 18.Bxd5+ Kb6 19.Bxe4 Bd6 20.Ng6 
Qxg3+ 21.Ke2 Bxe5 22.Nxe5 Rh8 23.Be3 Rh2+ 24.Kd3 Qe1 25.d5+ Ka6 26.Kd4 
Rxb2 27.Bd3+ b5 28.a4 Qh4+ 29.Be4 b4 30.Nd3 Qf6+ 31.Kc4 Rxb1 32.Nc5+ Ka5 
33.Bd4 Qf1+ 34.Bd3 Rxa1 35.cxb4+ Kb6 36.a5+ Rxa5 37.bxa5+ Kxa5 38.Bxf1 1-0

[Event "Oceania zt"]
[Site "Gold Coast"]
[Date "1999.04.15"]
[Round "3"]
[White "Weeks, Manuel William"]
[Black "Stawski, Nikolai"]
[Result "1-0"]
[WhiteElo "2245"]
[BlackElo "2045"]
[EventDate "1999.04.13"]
[PlyCount "46"]

1.e4 c5 2.Nf3 Nc6 3.Bb5 g6 4.Bxc6 bxc6 5.O-O Bg7 6.Re1 Nf6 7.e5 Nd5 8.c4 
Nc7 9.d4 cxd4 10.Qxd4 Ne6 11.Qh4 Rb8 12.Nc3 Qa5 13.Ne4 Qa4 14.b3 Rxb3 15.
Bg5 Rxf3 16.gxf3 Bxe5 17.Bxe7 g5 18.Nxg5 Bxa1 19.Nxe6 fxe6 20.Bd6 Rg8+ 21.
Kh1 Rg7 22.Rxa1 Qc2 23.Qf6 Qd3 1-0

[Event "Oceania zt"]
[Site "Gold Coast"]
[Date "1999.04.16"]
[Round "4"]
[White "Berezina, Irina"]
[Black "Johansen, Darryl Keith"]
[Result "0-1"]
[WhiteElo "2230"]
[BlackElo "2490"]
[EventDate "1999.04.13"]
[PlyCount "48"]

1.d4 e6 2.Nf3 c5 3.e3 Nf6 4.Bd3 d5 5.b3 Nc6 6.O-O Bd6 7.a3 e5 8.Bb5 e4 9.
Ne5 Qc7 10.Bb2 O-O 11.Bxc6 bxc6 12.h3 Re8 13.f4 exf3 14.Qxf3 Ba6 15.c4 
cxd4 16.exd4 c5 17.Rc1 cxd4 18.Ng4 Nxg4 19.Qxg4 Re4 20.Qf5 Bf4 21.Rd1 Be3+
22.Kh1 Rf4 23.Qh5 dxc4 24.bxc4 Rf2 0-1

[Event "Oceania zt"]
[Site "Gold Coast"]
[Date "1999.04.16"]
[Round "4"]
[White "Depasquale, Chris"]
[Black "Levi, Eddy"]
[Result "1/2-1/2"]
[WhiteElo "2302"]
[BlackElo "2245"]
[EventDate "1999.04.13"]
[PlyCount "108"]

1.d4 d5 2.Nf3 c5 3.g3 cxd4 4.Bg2 Qa5+ 5.Qd2 Qxd2+ 6.Bxd2 Nc6 7.c3 e5 8.O-O
Nf6 9.Bg5 Bg4 10.h3 Bxf3 11.exf3 Be7 12.cxd4 Nxd4 13.Nc3 O-O-O 14.Rfd1 h6 
15.f4 hxg5 16.fxe5 Ne4 17.Rxd4 Bc5 18.Nxe4 Bxd4 19.Nd6+ Rxd6 20.exd6 Kd7 
21.Rd1 Bxb2 22.Rxd5 b6 23.Bf1 Kc6 24.Rd2 Ba3 25.d7 Bd6 26.Bb5+ Kxb5 27.
Rxd6 Rd8 28.Rd5+ Kc6 29.Rxg5 g6 30.h4 Kxd7 31.Kf1 Rc8 32.Rd5+ Ke6 33.Rd2 
Rc3 34.Ke2 Ra3 35.Rb2 Ke5 36.Rc2 f6 37.Rb2 Kd4 38.Rd2+ Ke5 39.Rb2 Kd4 40.
Rc2 f5 41.Rd2+ Ke4 42.Rb2 Kd4 43.Kd2 Kc4 44.Rc2+ Kb4 45.Rc6 Rxa2+ 46.Ke3 
b5 47.Rxg6 Kc4 48.h5 b4 49.Rc6+ Kd5 50.Rf6 Ke5 51.Rf8 Ra3+ 52.Kd2 Ra2+ 53.
Ke3 Ra3+ 54.Ke2 Ra2+ 1/2-1/2